Geology of possible petroleum provinces in Alaska / (Record no. 29376)

MARC details
000 -LEADER
fixed length control field 01272cam a22003251a 4500
001 - CONTROL NUMBER
control field gs 59000239
003 - CONTROL NUMBER IDENTIFIER
control field DLC
005 - DATE AND TIME OF LATEST TRANSACTION
control field 20260227111408.0
008 - FIXED-LENGTH DATA ELEMENTS--GENERAL INFORMATION
fixed length control field 780406s1959 dcuab b f001 0 eng
010 ## - LIBRARY OF CONGRESS CONTROL NUMBER
LC control number gs 59000239
035 ## - SYSTEM CONTROL NUMBER
System control number (OCoLC)3785730
040 ## - CATALOGING SOURCE
Original cataloging agency DLC
Transcribing agency NBrockU
Modifying agency DNAL
-- DLC
050 00 - LIBRARY OF CONGRESS CALL NUMBER
Classification number QE75
Item number .B9 no. 1094
051 ## - LIBRARY OF CONGRESS COPY, ISSUE, OFFPRINT STATEMENT
Classification number QE83
Item number .M5
070 0# - NATIONAL AGRICULTURAL LIBRARY CALL NUMBER
Classification number 407
Item number G29B no.1094
072 0# - SUBJECT CATEGORY CODE
Subject category code X400
100 1# - MAIN ENTRY--PERSONAL NAME
Personal name Miller, Don J.
Fuller form of name (Don John),
Dates associated with a name 1919-
245 10 - TITLE STATEMENT
Title Geology of possible petroleum provinces in Alaska /
Statement of responsibility, etc. by Don J. Miller, Thomas G. Payne, and George Gryc, with an annotated bibliography by Edward H. Cobb.
260 ## - PUBLICATION, DISTRIBUTION, ETC.
Place of publication, distribution, etc. Washington, [D.C.] :
Name of publisher, distributor, etc. U.S. G.P.O.,
Date of publication, distribution, etc. 1959.
300 ## - PHYSICAL DESCRIPTION
Extent v, 132 p. :
Other physical details ill., maps (some col.) ;
Dimensions 24 +
Accompanying material 6 folded leaves in case.
440 #0 - SERIES STATEMENT/ADDED ENTRY--TITLE
Title Geological Survey bulletin ;
Volume/sequential designation 1094
500 ## - GENERAL NOTE
General note A summary of possible sources of petroleum and oil shale in Alaska, with an annotated bibliography on petroleum and oil shale in Alaska and a map of Mesozoic and Cenozoic tectonic elements.
504 ## - BIBLIOGRAPHY, ETC. NOTE
Bibliography, etc. note Bibliography: p. 113-127.
500 ## - GENERAL NOTE
General note Includes index.
650 #0 - SUBJECT ADDED ENTRY--TOPICAL TERM
Topical term or geographic name entry element Geology
Geographic subdivision Alaska.
650 #0 - SUBJECT ADDED ENTRY--TOPICAL TERM
Topical term or geographic name entry element Petroleum
Geographic subdivision Alaska.
650 #0 - SUBJECT ADDED ENTRY--TOPICAL TERM
Topical term or geographic name entry element Petroleum
Geographic subdivision Alaska
General subdivision Bibliography.
700 1# - ADDED ENTRY--PERSONAL NAME
Personal name Payne, Thomas G.
700 1# - ADDED ENTRY--PERSONAL NAME
Personal name Gryc, George.

No items available.

Powered by Koha